000 00226 a2200109 4500
001 63381
082 _a004 JAM
090 _c37432
_d37432
100 _aJamsa, K
245 _aPersonal Computers
_hEnglish
260 _bMIS Press
942 _aCAE NUST
_k004 JAM
999 _c298454
_d298454